000 00614nam a22002417a 4500
003 UA-OsUOA
001 111418
007 ta
008 20150520b un ||||| |||| 00| 0 ukr d
100 _aКуліш П.
090 _a82-6
_bК90
942 _cBK
040 _aUA-OsUOA
_bukr
_cUA-OsUOA
_dUA-OsUOA
245 _aПовне зібрання творів
300 _a672 с.
955 _a3
041 _aukr
080 _a82-6
020 _a978-966-8978-35-7
260 _aК.
_bКритика
_c2009
650 7 _a82 Література. Літературознавство
_2UDC
999 _c397743
_d397743